[Event "9th Sharjah Cup Women 2018"]
[Site "Sharjah"]
[Date "2018.12.17"]
[Round "5"]
[White "Kulkarni Bhakti"]
[Black "Velikic, Adela"]
[Result "0-1"]
[WhiteElo "2283"]
[BlackElo "2298"]
[Annotator "TA"]
[PlyCount "104"]
[EventDate "2018.12.14"]
[EventType "swiss"]
[EventCountry "UAE"]
[SourceTitle "playchess.com"]
[Source "ChessBase"]
[SourceQuality "1"]

{[%evp 17,104,56,48,49,68,70,80,68,73,68,70,72,83,45,39,59,64,27,30,13,14,3,0,0,0,0,0,0,0,-56,0,0,3,5,31,0,13,0,0,0,2,0,10,11,16,0,25,33,33,3,3,3,6,-266,-217,-384,-384,-384,-359,-300,-24,-961,-931,-1066,-1063,-967,-926,-5210,-5202,-1112,-691,-632,-604,-691,-690,-615,-456,-648,-642,-1195,-1110,-5458,-5416,-5375,-5364,-5350,-5064,-4906,-1508]} 1. d4 d5 2. c4 dxc4 3. e4 c5 4. Nf3 cxd4 5. Qxd4 Qxd4 6. Nxd4 e5 7. Nb5 Na6 {[%cal Bb8a6,Ba6b4,Bb4c6,Bc6d4][%mdl 32]} 8. Bxc4 Nf6 9. N1c3 Bc5 {LiveBook: 3 Games. D24: Queen's Gambit Accepted: 3 Nf3 Nf6 4 Nc3} 10. Ke2 O-O (10... Ke7 11. Bg5 Be6 12. Bxe6 Kxe6 13. Bxf6 Kxf6 14. Nd5+ Kg6 15. Rac1 Rad8 16. Rc3 f6 17. Rhc1 {1-0 (48) El Debs,F (2507)-Aranha Filho,A (2278) Osasco 2012}) 11. Be3 Bxe3 $146 {White is slightly better.} ({Predecessor:} 11... Bd7 12. f3 Bxe3 13. Kxe3 Nc5 14. Rac1 a6 15. Nd6 b5 16. Bd5 Nxd5+ 17. Nxd5 {½-½ (43) Peek,M (2345)-Michiels,B (2113) Amsterdam 2001}) 12. Kxe3 Nb4 13. Rac1 a6 14. Nc7 Rb8 15. N3d5 Ng4+ 16. Ke2 Nc6 $1 17. h3 Nd4+ 18. Kf1 Nf6 19. Nxf6+ gxf6 20. g4 Be6 21. Kg2 Rfc8 22. Nd5 {[#] And now Ne7+ would win.} Kg7 23. Bd3 (23. Ne3 $11) 23... Bxd5 (23... h5 $15) 24. exd5 $11 Rd8 25. Rc7 b5 26. Rc5 Rb6 27. Re1 Rbd6 28. Be4 h5 29. Re3 hxg4 30. hxg4 Rh8 31. Rc7 Rh4 32. Kg3 Rh8 33. Re1 f5 $132 {[%mdl 2048] Black is not keeping still} 34. gxf5 Rdh6 35. Bg2 $2 {[%mdl 8192]} (35. Kg2 $11 {and White is okay.}) 35... Kf6 {[%cal Rh8g8]} ({Don't do} 35... Nxf5+ 36. Kg4 $17) 36. f4 $2 (36. Re4) 36... Rg8+ $19 37. Kf2 exf4 {Threatens to win with ...Rh2.} 38. Ree7 f3 $2 (38... Rg7 $19 39. Re4 Rh2 40. Rxd4 Ke5 41. Re4+ Kxf5 42. Rxf7+ Rxf7) 39. Bxf3 $2 {[%mdl 8192]} (39. Rxf7+ $11 Ke5 40. Bxf3) 39... Rh2+ {Black is clearly winning.} 40. Kf1 Nxf3 {[%csl Gf3][%cal Rg8g1]} 41. Rxf7+ Ke5 {[%csl Gf3][%cal Rg8g1]} 42. Rfe7+ Kf4 {[%csl Gf3][%cal Rg8g1]} 43. Rg7 Rxg7 44. Rxg7 Kxf5 {[%mdl 4096] Endgame KRN-KR} 45. Rf7+ Ke4 46. d6 Rd2 47. d7 (47. Rf6 $142) 47... Ne5 {[%mdl 64] [#] Double Attack} 48. Rf6 Nxd7 49. Rxa6 Rxb2 50. a3 Nc5 51. Rd6 Rb3 52. Rb6 Kd3 {Accuracy: White = 30%, Black = 64%.} 0-1

[Event "9th Sharjah Cup Women 2018"]
[Site "Sharjah"]
[Date "2018.12.17"]
[Round "5"]
[White "Nguyen, Thi Mai Hung"]
[Black "Mkrtchian, Lilit"]
[Result "1/2-1/2"]
[WhiteElo "2280"]
[BlackElo "2392"]
[Annotator "TA"]
[PlyCount "94"]
[EventDate "2018.12.14"]
[EventType "swiss"]
[EventCountry "UAE"]
[SourceTitle "playchess.com"]
[Source "ChessBase"]
[SourceQuality "1"]

{[%evp 25,94,37,30,38,36,21,21,18,42,35,49,45,65,39,33,36,37,28,37,36,36,36,36,36,36,33,38,33,37,35,42,37,47,41,36,43,44,46,46,41,53,47,50,47,50,48,52,43,52,38,39,30,38,16,45,45,45,45,38,38,43,43,54,54,54,54,54,54,47,47,47]} 1. d4 Nf6 2. c4 e6 3. g3 d5 4. Nf3 Bb4+ 5. Bd2 Be7 6. Bg2 c6 7. Qc2 O-O 8. O-O b6 9. Rd1 {E11: Bogo-Indian} Bb7 (9... Ba6 10. b3 Nbd7 11. Bf4 Rc8 12. Nc3 Nh5 13. Bc1 f5 14. e3 Bd6 15. a4 Nhf6 16. Ne2 c5 17. Nf4 Qe7 18. cxd5 cxd4 19. Qb2 dxe3 20. Nxe6 exf2+ 21. Qxf2 {0-1 (35) Sarana,A (2613)-Jakovenko,D (2748) Satka 2018}) 10. b3 Nbd7 11. Nc3 Rc8 12. e4 Nxe4 13. Nxe4 dxe4 {LiveBook: 5 Games} 14. Qxe4 Nf6 15. Qc2 c5 16. Bc3 Be4 17. Qe2 Qc7 18. dxc5 bxc5 $146 ({Predecessor:} 18... Qxc5 19. Bxf6 Bxf3 20. Bxe7 Bxe2 21. Bxc5 Rxc5 {½-½ (41) Wells,P (2427)-O'Donnell,C (2303) Bunratty 2016}) 19. Rd2 Qb7 20. Re1 {[#] Strongly threatening Bxf6.} Bc6 21. Nh4 {[%cal Bf3h4,Bh4g2,Bg2f4,Bf4h3,Bh3f2][%mdl 32]} Bxg2 22. Nxg2 Rfd8 23. Nf4 Rxd2 24. Bxd2 Rd8 25. Bc3 Qc6 26. f3 Qd6 27. Kg2 h6 28. Nh3 Qd3 29. Ba5 (29. Qe5 {seems wilder.} Qd6 30. Qe3 Ne8 31. Nf2 Bg5 32. Qe2) 29... Qxe2+ 30. Rxe2 Rd7 31. Nf2 Kf8 32. Bc3 Ne8 33. Rd2 Rxd2 34. Bxd2 $14 {[%mdl 4096] Endgame KBN-KBN} Nf6 35. Nd3 Nd7 36. Be3 a6 37. Kf2 Ke8 38. a3 h5 39. h3 g5 40. g4 {White is slightly better.} hxg4 $1 41. hxg4 Kd8 42. Ke2 Kc7 43. Nf2 Kc6 44. Ne4 f6 45. Bd2 Bd8 46. Bc3 Be7 47. Kd3 Bd8 {Accuracy: White = 57%, Black = 61%.} 1/2-1/2

[Event "9th Sharjah Cup Women 2018"]
[Site "Sharjah"]
[Date "2018.12.17"]
[Round "5"]
[White "Enkhtuul, Altan-Ulzii"]
[Black "Ovezdurdiyeva, Jemal"]
[Result "1-0"]
[WhiteElo "2267"]
[BlackElo "2114"]
[Annotator "TA"]
[PlyCount "79"]
[EventDate "2018.12.14"]
[EventType "swiss"]
[EventCountry "UAE"]
[SourceTitle "playchess.com"]
[Source "ChessBase"]
[SourceQuality "1"]

{[%evp 12,79,22,-6,-4,-8,0,-5,0,-20,-8,-2,0,-24,18,-45,12,-12,-11,-18,-6,-20,-13,-3,5,-5,0,0,0,0,0,0,18,0,0,0,92,91,203,203,220,216,215,208,229,214,210,201,232,233,260,260,281,272,266,210,209,191,248,243,250,212,579,573,595,630,623,622,639,596]} 1. d4 Nf6 2. Nf3 g6 3. g3 Bg7 4. Bg2 O-O 5. O-O d6 6. c3 Nbd7 7. Bg5 {LiveBook: 3 Games. A49: 1 d4 Nf6 2 Nf3 g6 3 g3: Anti-King's Indian systems} (7. Bf4 Nh5 8. Bg5 h6 9. Be3 e5 10. dxe5 dxe5 11. Na3 Qe7 12. Qa4 c6 13. Rfd1 e4 14. Nh4 Ndf6 {0-1 (41) Usmanov,V (2453)-Iljiushenok,I (2539) Sochi 2018}) 7... h6 8. Bxf6 Bxf6 9. Qd2 $146 {The position is equal.} ({Predecessor:} 9. Nbd2 e5 10. dxe5 dxe5 11. Ne4 Bg7 12. Qb3 Kh7 13. g4 Qe7 14. Qc2 Nb6 15. h3 Be6 16. Ng3 Nd5 17. e3 {0-1 (33) Mendes,A (1501)-Veiga,J (1969) Vila Nova de Gaia 2016}) 9... Bg7 10. d5 Nc5 11. Nd4 a5 12. Na3 Bd7 13. Rfe1 (13. f4 $11) 13... Qc8 ({Better is} 13... a4 $15) 14. Rac1 e5 15. dxe6 fxe6 16. Nb3 Nxb3 17. axb3 Bc6 18. Qd3 Qe8 19. Nc2 {[%cal Ba3c2,Bc2e3,Be3d5][%mdl 32]} Qf7 20. Rf1 e5 21. Ne3 Rfe8 22. Bd5 $36 {[%mdl 2048] White has the initiative.} Bxd5 23. Qxd5 Qxd5 (23... Red8 $11) 24. Nxd5 $16 Red8 (24... Rac8 $16 {was worth a try.}) 25. Nxc7 $18 Rac8 26. Nd5 Rc5 27. e4 h5 28. h4 Kf7 29. Ra1 Bh6 30. Kg2 Rdc8 31. Ra3 g5 32. hxg5 Bxg5 33. Rh1 Rh8 34. Kf3 Kg6 (34... h4 $142 35. Rh3 Bd8) 35. Ke2 Rf8 36. Nb6 Bd8 $2 (36... Rc6 {is tougher.}) 37. Nd7 {[%mdl 64] [#] Double Attack. White is clearly winning.} Rf7 38. Nxc5 dxc5 39. Raa1 Bb6 40. f3 {Accuracy: White = 52%, Black = 25%.} 1-0

[Event "9th Sharjah Cup Women 2018"]
[Site "Sharjah"]
[Date "2018.12.17"]
[Round "5"]
[White "Drljevic, Ljilja"]
[Black "Asatryan, Sona"]
[Result "1-0"]
[WhiteElo "2208"]
[BlackElo "2089"]
[Annotator "TA"]
[PlyCount "83"]
[EventDate "2018.12.14"]
[EventType "swiss"]
[EventCountry "UAE"]
[SourceTitle "playchess.com"]
[Source "ChessBase"]
[SourceQuality "1"]

{[%evp 14,83,31,12,3,-5,-18,-17,27,27,34,35,27,19,14,18,14,0,14,0,4,-29,-24,-50,-22,-30,-15,-47,-35,-41,-38,-35,56,48,61,60,46,0,82,83,61,9,52,37,48,26,138,83,72,9,104,53,95,87,79,58,102,42,300,288,1216,840,29990,29991,29994,29995,29997,29998,29998,29998,29998,29999]} 1. g3 d5 2. Bg2 Nf6 3. c4 e6 4. Nf3 dxc4 5. Nc3 (5. Qa4+ c6 6. Qxc4 b5 7. Qc2 Bb7 8. O-O Be7 9. d3 O-O 10. a4 a6 11. Nc3 Nbd7 12. Rd1 Rc8 13. h3 Qb6 14. e4 c5 15. Be3 Rfd8 16. Rac1 h6 17. axb5 axb5 {1-0 (73) Duda,J (2737)-Karjakin,S (2773) chess.com INT 2018}) 5... c5 6. Ne5 {A13: English Opening: 1...e6} Be7 7. O-O O-O 8. Nxc4 {LiveBook: 3 Games. White is slightly better.} Nd5 $146 ({Predecessor:} 8... Nbd7 9. d4 cxd4 10. Qxd4 Bc5 11. Qh4 Be7 12. Qd4 Bc5 13. Qd3 Nb6 14. Qxd8 Rxd8 15. Nxb6 Bxb6 16. Bf4 Nd5 17. Nxd5 exd5 18. Rac1 Bg4 19. Rfd1 Bxe2 20. Rxd5 Ba6 21. h4 Rxd5 22. Bxd5 Rd8 {1-0 (43) Nguyen,A (2485)-Hoffmann,M (2407) Budapest 1999}) 9. d3 Nc6 10. a3 Nxc3 11. bxc3 Bd7 12. Rb1 b6 13. a4 Bf6 14. Qc2 Qc7 15. e4 Rab8 16. f4 a6 17. Na3 Rfd8 18. g4 g6 19. e5 Bg7 20. Be3 Ne7 21. Nc4 Bc6 22. Nd6 Nc8 (22... Bxg2 $15 23. Qxg2 (23. Kxg2 Nd5 $17) 23... Rxd6 24. exd6 Qxd6) 23. Ne4 Bxe4 24. Bxe4 Ne7 25. Qf2 f5 (25... Nd5 $11) 26. exf6 $1 $16 Bxf6 27. a5 (27. c4 $14) 27... b5 28. Bxc5 Bxc3 29. Kh1 {Rfc1 is the strong threat.} Nd5 (29... Qd7 $11 {keeps the balance.}) 30. d4 (30. f5 $142 $1 {[%cal Rf5e6]} exf5 31. gxf5) 30... Bxa5 {[#]} 31. Rbc1 (31. f5 $1 $16 {[%cal Rf5e6]} Nc3 32. Rbe1) 31... Qf7 {[#]} (31... Bb6 $11) 32. Ra1 (32. f5 $1 $16) 32... Bc7 33. f5 $36 {[%mdl 2048] White is on the roll.} exf5 34. gxf5 g5 35. Qg2 (35. Rxa6 $16 {aiming for Ra7.} Nc3 36. Bg2) 35... h6 $2 {[%mdl 8192]} ({Black should try} 35... Kh8 $14) 36. Rxa6 $18 Ne3 $2 {[#]} (36... Nf6 37. Bc2 b4) 37. Qh3 $1 {[%mdl 576] Intending Rg6+ and mate. Double Attack} Nxf1 38. Rg6+ {White mates.} Qxg6 39. fxg6 Nxh2 40. Qe6+ Kh8 41. Qf6+ Kg8 42. Qf7+ {[%mdl 64] Double Attack. Accuracy: White = 41%, Black = 34%.} 1-0

[Event "9th Sharjah Cup Women 2018"]
[Site "Sharjah"]
[Date "2018.12.17"]
[Round "5"]
[White "Abdulla, Khayala"]
[Black "Soyunlu, Narmin"]
[Result "1/2-1/2"]
[WhiteElo "2190"]
[BlackElo "2078"]
[Annotator "TA"]
[PlyCount "32"]
[EventDate "2018.12.14"]
[EventType "swiss"]
[EventCountry "UAE"]
[SourceTitle "playchess.com"]
[Source "ChessBase"]
[SourceQuality "1"]

{[%evp 31,32,-22,10]} 1. d4 Nf6 2. c4 e6 3. Nc3 Bb4 4. Nf3 b6 5. e3 Bb7 6. Bd3 O-O 7. O-O Bxc3 8. bxc3 Ne4 9. Qc2 f5 10. Nd2 Qh4 11. Nf3 $146 ({Predecessor:} 11. f3 Nxd2 12. Bxd2 d6 13. Rae1 Nd7 14. Re2 g6 15. e4 f4 16. g3 fxg3 17. hxg3 Qe7 18. f4 Rf7 19. Bc1 Kh8 20. Ref2 Re8 {½-½ (32) Peralta,F (2582)-Guerra Mendez,J (2534) Barcelona 2018}) 11... Qf6 12. Nd2 Qh4 13. Nf3 Qf6 14. Nd2 Qh4 15. Nf3 Qf6 16. Nd2 Qh4 {LiveBook: 119 Games} 1/2-1/2

[Event "9th Sharjah Cup Women 2018"]
[Site "Sharjah"]
[Date "2018.12.17"]
[Round "5"]
[White "Mona, Khaled"]
[Black "Bauyrzhan, Arnash"]
[Result "1/2-1/2"]
[WhiteElo "2158"]
[BlackElo "1978"]
[Annotator "TA"]
[PlyCount "110"]
[EventDate "2018.12.14"]
[EventType "swiss"]
[EventCountry "UAE"]
[SourceTitle "playchess.com"]
[Source "ChessBase"]
[SourceQuality "1"]

{[%evp 11,110,33,33,0,10,-2,2,-9,42,40,46,-35,-11,-18,0,-19,-10,-10,-10,-10,-10,-25,-10,-10,-10,-10,0,-9,-4,-5,-5,-48,-40,-51,0,-48,0,0,0,0,36,38,72,53,119,0,58,69,66,54,58,0,0,0,70,0,31,31,31,0,44,54,60,0,0,0,88,0,0,0,278,252,277,0,0,0,0,-2875,0,0,0,-348,0,0,0,0,0,0,0,0,0,0,0,0,0,0,0,0,0,0,0]} 1. d4 Nf6 2. c4 e6 3. Nc3 d5 4. Nf3 c6 5. Bg5 Be7 6. e3 O-O {LiveBook: 410 Games} 7. Ne5 {D55: Queen's Gambit Declined: 4 Bg5 Be7: Lines without ...h6 and 6...h6 7 Bxf6} (7. Be2 Nbd7 8. O-O dxc4 9. a4 Nd5 10. Bxe7 Qxe7 11. Bxc4 Nxc3 12. bxc3 e5 13. a5 e4 14. Nd2 Nf6 15. Qb3 Re8 16. Rfb1 Qc7 17. Qb4 Rb8 18. Qc5 b6 19. axb6 axb6 20. Qg5 Bd7 {½-½ (44) Sjugirov,S (2673)-Pridorozhni,A (2533) Khanty-Mansiysk 2014}) 7... Nbd7 {[%cal Bb8d7,Bd7f6,Bf6g4][%mdl 32]} 8. f4 h6 9. Bh4 Ne4 $146 (9... Nxe5 $11 10. dxe5 Nd7 11. Bxe7 Qxe7) ({Predecessor:} 9... dxc4 10. Bxc4 Nd5 11. Bf2 Bb4 12. Bxd5 cxd5 13. O-O f5 14. Qb3 Bxc3 15. Qxc3 Nxe5 16. dxe5 {½-½ (25) De Camargo,A (1798)-Bracht,R (1800) Foz do Iguacu 2015}) 10. Bxe7 $14 Qxe7 11. Nf3 (11. Nxe4 $14 dxe4 12. Nxd7 Bxd7 13. c5) 11... Ndf6 12. Bd3 Ng4 13. Qe2 Nef2 14. O-O Nxd3 15. Qxd3 dxc4 16. Qe2 b5 17. Ne5 Nxe5 18. fxe5 f6 19. exf6 Rxf6 20. Rxf6 Qxf6 21. a4 Bd7 22. Ne4 Qe7 (22... Qg6 $15 23. Nc5 Rd8) 23. Nc5 e5 24. axb5 cxb5 25. Qf3 e4 26. Qh5 {[%mdl 1024] White has compensation.} Bc6 27. Ra6 Qe8 (27... Qd6 $14) 28. Qf5 ({White must play} 28. Qg4 $1 $16 h5 29. Qg5) 28... Rd8 (28... b4 $11) 29. h3 Rd6 30. Rxa7 Rf6 31. Qg4 ({White should play} 31. Qe5 $1 $14 Qxe5 32. dxe5) 31... Rg6 $11 32. Qf4 Rf6 (32... b4 $11) 33. Qh4 $40 {[%mdl 128] White mounts an attack.} (33. Qe5 $1 $14 Qxe5 34. dxe5) 33... Qb8 34. Re7 {Hoping for Ne6.} Qf8 35. Re5 Rf5 36. Rxf5 ({But not} 36. Nxe4 Rxe5 37. dxe5 Qf5 $15) 36... Qxf5 37. Qd8+ (37. Qe7 $14) 37... Kh7 38. Qc7 Qd5 (38... Bd5 $11) 39. Qc8 (39. Qe7 $1 $16 {Black must now prevent Ne6.} Qg5 40. Qxg5 hxg5 41. Kf2) 39... b4 40. Ne6 {And now Nf8+ would win.} h5 $2 {[%mdl 8192]} (40... c3 $1 $11) 41. Nf8+ $1 $18 Kh6 {[#]} 42. Qb8 $2 (42. h4 $1 $18 Bb7 43. Qc7) 42... c3 $11 43. bxc3 ({Avoid the trap} 43. Qxb4 $2 c2 $19) 43... bxc3 44. g4 $2 {[%mdl 8192]} (44. Qf4+ $11 Qg5 45. Qc7) 44... Qg5 $2 (44... c2 $19 45. Qf4+ Qg5 46. Qd6+ g6) 45. Qd6+ {[%mdl 64] Double Attack} g6 46. Kh2 $2 {[%mdl 8192]} (46. Kh1 $1 $11 {and White stays safe.} hxg4 47. Qc7) 46... Bd5 $2 ({Better is} 46... hxg4 $19 47. Qxc6 gxh3 48. Kxh3 Qxe3+ {[%mdl 64] Double Attack} 49. Kg2 Qf3+ 50. Kg1 Qg3+ 51. Kf1 Qd3+ 52. Ke1 Qd2+ 53. Kf1 Qd1+ 54. Kg2 Qf3+ 55. Kg1 Qg3+ 56. Kh1 Qf3+ 57. Kg1) 47. Nd7 {The position is equal.} c2 ({And not} 47... Qxe3 48. Qf8+ Kg5 49. Qf6+ Kh6 {[#]} 50. g5+ $1 {[%mdl 512]} Kh7 51. Qe7+ Bf7 52. Qxf7+ Kh8 53. Qf8+ Kh7 54. Nf6#) 48. Nf6 {[#]} Qxf6 $1 {[%mdl 512]} 49. Qxf6 {Qh8+ would kill now.} c1=Q 50. Qh8+ Kg5 {( -> ...Qd2+)} 51. Qe5+ Kh6 {Strongly threatening ...Qd2+.} 52. g5+ Kh7 {aiming for ...Qd2+.} 53. Qe7+ Kh8 {...Qd2+ is the strong threat.} 54. Qf8+ Bg8 {Threatens to win with ...Qc7+.} 55. Qh6+ Bh7 {Accuracy: White = 53%, Black = 44%.} 1/2-1/2

[Event "9th Sharjah Cup Women 2018"]
[Site "Sharjah"]
[Date "2018.12.17"]
[Round "5"]
[White "Alieva, Alexandra"]
[Black "Khukhashvili, Sopiko"]
[Result "0-1"]
[WhiteElo "2102"]
[BlackElo "2338"]
[Annotator "NA"]
[PlyCount "66"]
[EventDate "2018.12.14"]
[EventType "swiss"]
[EventCountry "UAE"]
[SourceTitle "playchess.com"]
[Source "ChessBase"]
[SourceQuality "1"]
[TimeControl "5400+30"]

{[%evp 22,62,25,33,31,32767,24,0,12,0,9,-221,-236,32767,32767,-227,-260,-227,-243,-243,-289,-279,-246,-212,-242,32767,-263,-246,-240,-248,-310,-302,-339,-326,-379,-370,-339,-311,-406,-391,-407,-591,-602]} 1. e4 {[%emt 0:00:00]} c5 {[%emt 0:00:00]} 2. Nf3 {[%emt 0:00:00]} e6 {[%emt 0:00:00]} 3. b3 {[%emt 0:00:00]} d6 {[%emt 0:00:12]} 4. Bb2 {[%emt 0:01:15] B50: Sicilian: 2...d6, Miscellaneous} Bd7 {[%emt 0:00:05]} 5. d4 {[%emt 0:00:45]} cxd4 {[%emt 0:00:08]} 6. Nxd4 {[%emt 0:00:10]} Nf6 {[%emt 0:00:11]} 7. Bd3 {[%emt 0:04:24]} Nc6 {[%emt 0:00:08]} (7... Na6 8. c4 Be7 9. Nc3 O-O 10. O-O Nb4 11. Be2 a6 {1-0 (57) Antipov,M (2593)-Dubov,D (2703) Sochi 2018}) 8. c4 {[%emt 0:00:27]} Be7 {[%emt 0:02:38]} 9. O-O {[%emt 0:00:43]} O-O {[%emt 0:00:12]} 10. Nd2 {[%emt 0:06:17]} a6 {[%emt 0:00:38]} 11. N2f3 {[%emt 0:04:36]} Qa5 {[%emt 0:08:08]} 12. Nxc6 $146 {[%emt 0:03:43]} ({Predecessor:} 12. a3 Rfd8 13. b4 Qh5 14. Qb3 Nxd4 15. Nxd4 {½-½ (75) Hruby,M (2102)-Orak,L (2323) Pula 2012}) 12... Bxc6 {[%emt 0:00:18]} 13. e5 {[%emt 0:04:05]} Bxf3 {[%emt 0:02:34]} 14. Qxf3 {[%emt 0:03:00]} dxe5 {[%emt 0:00:02]} 15. Qxb7 {[%emt 0:02:03]} Bc5 {[%emt 0:00:42]} 16. Bxe5 $2 {[%emt 0:21:23]} (16. Qf3 $11) 16... Bxf2+ $1 {[%emt 0:00:23] Discovered Attack (Double check)} 17. Rxf2 {[%emt 0:00:23]} Qxe5 {[%emt 0:00:07]} 18. Raf1 {[%emt 0:00:12]} Ng4 {[%emt 0:02:48] Double Attack} 19. g3 {[%emt 0:05:44]} Nxf2 {[%emt 0:00:15]} 20. Rxf2 {[%emt 0:00:04]} Rad8 {[%emt 0:00:52]} 21. Qe4 {[%emt 0:00:30]} Qa1+ {[%emt 0:07:22]} 22. Kg2 {[%emt 0:00:18]} g6 {[%emt 0:00:06]} 23. c5 {[%emt 0:00:20]} Qc3 {[%emt 0:10:02]} 24. Bxa6 {[%emt 0:07:05]} Qxc5 {[%emt 0:00:24]} 25. a4 {[%emt 0:00:49]} Rd4 {[%emt 0:01:49]} 26. Qf3 {[%emt 0:00:43]} Rd5 {[%emt 0:00:26]} 27. Bd3 {[%emt 0:01:35]} Qd4 {[%emt 0:00:29]} 28. Be4 {[%emt 0:03:31]} Re5 {[%emt 0:00:07]} 29. Bc2 {[%emt 0:02:17]} Re3 {[%emt 0:01:26]} 30. Qb7 {[%emt 0:00:11]} Qe5 {[%emt 0:01:41]} 31. b4 $19 {[%emt 0:00:14]} (31. Bd1 {was necessary.}) 31... Re2 {[%emt 0:00:04]} 32. b5 {[%emt 0:00:56]} Rxf2+ {[%emt 0:00:05]} 33. Kxf2 {[%emt 0:00:03]} Qc5+ {[%emt 0:00:11]} 0-1

[Event "9th Sharjah Cup Women 2018"]
[Site "Sharjah"]
[Date "2018.12.17"]
[Round "5"]
[White "Patil, Mitali"]
[Black "Zozulia, Anna"]
[Result "1-0"]
[WhiteElo "2081"]
[BlackElo "2270"]
[Annotator "TA"]
[PlyCount "87"]
[EventDate "2018.12.14"]
[EventType "swiss"]
[EventCountry "UAE"]
[SourceTitle "playchess.com"]
[Source "ChessBase"]
[SourceQuality "1"]

{[%evp 14,87,96,97,88,97,106,64,62,70,78,81,105,100,112,112,123,127,173,92,145,106,110,104,116,106,122,122,115,109,141,117,140,126,154,141,154,172,249,148,154,168,129,129,546,221,255,195,190,-340,-341,-350,-350,-350,-350,-350,-350,-335,-350,-335,-316,-302,-197,-350,-338,-389,-379,-353,29971,29972,29971,29972,29975,29976,29977,29978]} 1. e4 g6 2. d4 Bg7 3. Nc3 d6 4. Nf3 Nf6 5. Be3 c6 6. Qd2 b5 7. Bd3 h6 {B08: Pirc Defence: Classical System} (7... Bg4 8. O-O-O Nbd7 9. Kb1 O-O 10. Bh6 e5 11. Ne2 c5 12. dxe5 Nxe5 13. Nxe5 dxe5 14. Bxg7 Kxg7 15. f3 Bd7 16. c4 b4 17. Qe3 {½-½ (17) Dubov,D (2701)-Svidler,P (2760) Moscow 2018}) 8. h3 {LiveBook: 3 Games} Qc7 9. e5 b4 {White is better.} 10. Nb5 cxb5 11. exf6 Bxf6 12. Bxb5+ Bd7 13. Qxb4 Nc6 $146 ({Predecessor:} 13... O-O 14. Bxd7 Nxd7 {0-1 (46) Lynn,K-Love,A Dunedin 1983}) 14. Qd2 Rb8 15. c4 Qb7 16. Rb1 (16. Rc1 $18) 16... d5 (16... a6 $142 17. Ba4 Qb4 18. Bxc6 Qxd2+ 19. Kxd2 Bxc6) 17. Bxc6 ({And not} 17. Bxh6 dxc4 18. Bxc6 (18. Bxc4 $2 Nxd4 19. Rd1 Rxh6 $19) 18... Bxc6 $19) 17... Qxc6 18. c5 Bf5 19. Rc1 {[%cal Bb1c1,Bc1c3,Bc3a3][%mdl 32]} (19. Rd1 {feels hotter.} Qb5 20. b3 h5 21. Bf4 Rc8 22. Qe2) 19... Be4 20. O-O {[%cal Be1g1,Bg1h2,Bh2g2,Bg2f1][%mdl 32]} Bxf3 21. gxf3 g5 22. Rc3 Rg8 23. Ra3 Qd7 24. Kh2 h5 25. Rg1 {[%cal Re3g5]} Qf5 (25... Qc7+ $142 26. Bf4 Rxb2) 26. Bf4 ({White should try} 26. Rxa7 $18 Qxf3 27. Bf4 $1 {[%mdl 512]} Rxb2 28. c6 (28. Qxb2 Qxf4+ 29. Kh1 Kf8 $18)) 26... Rxb2 27. Qxb2 {Qb8+ would kill now.} Qxf4+ 28. Kg2 $1 g4 $2 {[%mdl 8192]} (28... Bxd4 $16 {is tougher.} 29. Qb7 Kf8) 29. fxg4 (29. Rb1 $142 gxf3+ 30. Kf1) 29... hxg4 30. Kf1 Bxd4 31. Qc2 $4 {[%mdl 8192] [#]} (31. Ra4 $1 $18 {[%cal Ra4d4] is the narrow road to win.} Bxb2 32. Rxf4) 31... Bxf2 $1 $19 {[%mdl 512]} 32. Rxg4 (32. Qxf2 Qc1+) 32... Rxg4 33. hxg4 {[#]} Bxc5+ $1 {[%mdl 4096] Endgame KQR-KQB} 34. Kg2 Qxg4+ 35. Rg3 {[#]} Qe4+ $1 36. Qxe4 dxe4 {KR-KB} 37. Rg5 Bb6 38. a4 $2 (38. Re5 {was necessary.}) 38... f6 39. Rb5 Kd7 40. a5 Bd4 $4 {[%mdl 8192]} (40... Be3 $19 41. Kf1 Kd6) 41. Rd5+ {White mates.} Kc6 42. Rxd4 f5 43. Kf2 e5 44. Rb4 {Precision: White = 38%, Black = 50%.} 1-0

[Event "9th Sharjah Cup Women 2018"]
[Site "Sharjah"]
[Date "2018.12.17"]
[Round "5"]
[White "Mezioud, Amina"]
[Black "Stetsko, Lanita"]
[Result "1/2-1/2"]
[WhiteElo "2065"]
[BlackElo "2194"]
[Annotator "TA"]
[PlyCount "98"]
[EventDate "2018.12.14"]
[EventType "swiss"]
[EventCountry "UAE"]
[SourceTitle "playchess.com"]
[Source "ChessBase"]
[SourceQuality "1"]

{[%evp 20,98,13,13,16,14,4,7,7,0,32,-12,-6,-28,-31,-26,-35,-30,-33,-41,-29,-40,-29,-24,-20,-32,-54,-89,-56,-145,-56,-52,-35,-72,-93,-100,-82,-153,-161,-163,-123,-108,-44,-43,-32,-32,-32,-32,-32,-32,-32,-32,-32,-39,-16,-32,-11,-32,0,-38,-39,-39,-39,-39,-36,-36,-27,-22,0,-33,-29,-25,-25,-37,-40,-43,-38,-39,0,0,8]} 1. e4 e5 2. Nf3 Nc6 3. Bb5 a6 4. Ba4 Nf6 5. O-O Be7 6. c3 Nxe4 7. Re1 Nc5 8. Bxc6 dxc6 9. Nxe5 Be6 10. d4 Nd7 11. Bf4 O-O {C80: Open Ruy Lopez: Sidelines and 9 Nbd2} 12. Nd2 Nxe5 13. Bxe5 c5 $146 ({Predecessor:} 13... Qd7 14. h3 Rfe8 15. Qf3 Bf8 16. Qg3 c5 17. Ne4 Kh8 18. Nf6 Qb5 19. d5 {1-0 (31) Kovylin,K (2016)-Ponomarev,I (1957) Novosibirsk 2009}) 14. Nf3 c4 15. b3 Re8 16. bxc4 Bxc4 17. Nd2 Be6 18. Qf3 c6 19. Qg3 {[%csl Ge5][%cal Rg3g7] [#]} f6 20. Bc7 Qd7 21. Ne4 Bd5 22. Bf4 Qf5 23. Nd2 b5 24. f3 (24. Nf1 $1 $15) 24... a5 (24... Bf8 $17 25. h3 Rxe1+ 26. Rxe1 Bxa2) 25. Ne4 $1 $15 b4 26. Bd2 Bf8 {[%cal Rd5e4]} 27. Qh4 Re6 (27... Bc4 {is interesting.} 28. Qg3 Re6 29. Nc5 Bxc5 30. dxc5 Qxc5+ 31. Kh1 Rxe1+ 32. Qxe1 b3) 28. cxb4 (28. Nc5 $142 Bxc5 29. dxc5) 28... axb4 $17 29. Nc5 Rxe1+ 30. Qxe1 Bxc5 ({Resist} 30... Rxa2 31. Rxa2 Bxa2 32. Bxb4 $15) (30... Ra3 $17 {...Rxf3! is the strong threat.} 31. Bxb4 {[#]} Rxf3 $1 {[%mdl 512]}) 31. dxc5 $15 Qg6 {Threatens to win with ...Bxf3.} 32. Bxb4 Bxf3 {[%csl Gf3][%cal Rg6g2]} 33. Qf2 Bd5 34. a3 f5 35. Qg3 Qxg3 36. hxg3 {[%mdl 4096] Endgame KRB-KRB} Kf7 37. Kf2 Ke6 38. Re1+ Kf7 39. Re3 g6 40. Re1 h5 41. Re3 g5 42. Re1 Be4 43. Rd1 Bd5 44. Re1 h4 45. gxh4 gxh4 46. Rh1 Rg8 47. Rxh4 Rxg2+ 48. Ke3 Rg3+ 49. Kf4 Rg4+ {Accuracy: White = 51%, Black = 52%.} 1/2-1/2